[Event "ARG-ch sf (Women)"]
[Site "Buenos Aires"]
[Date "2018.03.02"]
[Round "1.6"]
[White "Fantini, Daniela Alejand"]
[Black "Pinto, Natalia"]
[Result "1-0"]
[WhiteElo "1964"]
[BlackElo "1440"]
[PlyCount "55"]
[EventDate "2018.03.02"]
[EventType "swiss"]
[EventRounds "7"]
[EventCountry "ARG"]
[SourceTitle "EXT 2024"]
[Source "ChessBase"]
[SourceDate "2023.10.10"]
[SourceVersion "1"]
[SourceVersionDate "2023.10.10"]
[SourceQuality "1"]

1. e4 e5 2. Nf3 d5 3. Nxe5 dxe4 4. d4 Bd6 5. Nc4 Nf6 6. Bg5 0-0 7. Be2 Bf5 8. Nc3 Nbd7 9. Qd2 Be7 10. 0-0-0 Ng4 11. Bxe7 Qxe7 12. Qf4 Nh6 13. h4 f6 14. Nd5 Qd8 15. g4 c6 16. Nde3 Be6 17. Qxe4 Bxc4 18. Bxc4+ Nf7 19. g5 fxg5 20. hxg5 g6 21. Qh4 h5 22. f4 Kg7 23. Nf5+ gxf5 24. Qxh5 Nf6 25. gxf6+ Kxf6 26. Qh4+ Kg6 27. Rdg1+ Ng5 28. Qh6# 1-0